=LDR 00000nam 2200000 4500 =001 INLIS000000000046937 =005 20150905142436.0 =006 =007 =008 =020 ##$$a 979-731-601-7 =035 ##$$0010-061500000000026 =040 ##$$a Ind =082 ##$$a 530.076 =090 ##$$a 530.076 =100 ##$$a Didik Asmiarto =245 ##$$a Strategi Tembus Perguruan Tinggi favorit fisika =250 ##$$a ed.I =260 ##$$a Yogyakarta $b Andi $c 2004 =300 ##$$a xii,366 hlm $b 21 cm =850 ##$$a NBPDMAT =990 ##$$a 0368/BPAP-NTB/2015 =990 ##$$a 0001/BPAP-NTB/2015 =990 ##$$a 0001/BPAP-NTB/2015 =990 ##$$a 0001/BPAP-NTB/2015 =990 ##$$a 0001/BPAP-NTB/2015 =990 ##$$a 0001/BPAP-NTB/2015 =990 ##$$a 0001/BPAP-NTB/2015 =990 ##$$a 0001/BPAP-NTB/2016 =990 ##$$a 0001/BPAP-NTB/2016 =990 ##$$a 1259312593 =990 ##$$a 0001/BPAP-NTB/2015 =990 ##$$a 0001/BPAP-NTB/2015 =990 ##$$a 0001/BPAP-NTB/2015 =990 ##$$a 0001/BPAP-NTB/2015 =990 ##$$a 0001/BPAP-NTB/2016 =990 ##$$a 0001/BPAP-NTB/2016 =990 ##$$a 01201436136 =990 ##$$a 1259412594 =990 ##$$a 0001/BPAP-NTB/2015 =990 ##$$a 0001/BPAP-NTB/2015 =990 ##$$a 0001/BPAP-NTB/2015 =990 ##$$a 0001/BPAP-NTB/2015 =990 ##$$a 0001/BPAP-NTB/2016 =990 ##$$a 0001/BPAP-NTB/2016 =990 ##$$a 01201436136 =990 ##$$a 01201436137 =990 ##$$a 07040704 =990 ##$$a 21419392 =990 ##$$a 0001/BPAP-NTB/2015 =990 ##$$a 0001/BPAP-NTB/2015 =990 ##$$a 0001/BPAP-NTB/2015 =990 ##$$a 0001/BPAP-NTB/2015 =990 ##$$a 0001/BPAP-NTB/2016 =990 ##$$a 0001/BPAP-NTB/2016 =990 ##$$a 01201436136 =990 ##$$a 01201436137